Countries by Tea Consumption - Statistics

General Stats
  • This quiz has been taken 33 times
  • The average score is 9 of 15
Answer Stats
Annual Tea Consumption (kgs) Country Annual Tea Consumption (lbs) % Correct
1.82 kgs United Kingdom 4.01 lbs
100%
0.97 kgs Japan 2.13 lbs
87%
3.16 kgs Türkiye 6.96 lbs
83%
1.50 kgs Iran 3.30 lbs
77%
2.36 kgs Ireland 5.21 lbs
77%
1.38 kgs Russia 3.05 lbs
73%
1.01 kgs Egypt 2.23 lbs
67%
1.50 kgs Pakistan 3.30 lbs
63%
1.22 kgs Morocco 2.68 lbs
57%
0.90 kgs Saudi Arabia 1.98 lbs
57%
1.19 kgs New Zealand 2.63 lbs
40%
1.00 kgs Poland 2.20 lbs
33%
0.78 kgs Netherlands 1.72 lbs
30%
0.81 kgs South Africa 1.79 lbs
27%
1.19 kgs Chile 2.62 lbs
13%
No matching quizzes found
Score Distribution
Percent of People with Each Score
Percentile by Number Answered
Your Score History
You have not taken this quiz